1415 1126 1141 1524 1365 1701 1949 1819 1152 1401 1505 1808 1263 1309 1168 1622 1540 1493 1619 1380 1613 1857 1361 1099 1758 1338 1435 1038 1552 1624 1945 1304 1994 1167 1815 1597 1627 1989 1129 1501 1588 1149 1986 1722 1535 1258 1592 1966 1361 1198 1679 1604 1248 1294 1681 1264 1635 1291 1602 1157 1359 1617 1979 1536 1714 1516 1529 1699 1712 1155 1789 1660 1834 1043 1965 1573 1616 1275 1771 1935 1545 1878 1570 1852 1571 1674 1426 1784 1285 1696 1027 1575 1458 1238 1661 1714 1623 1280 1168 BCNSPRNW ULIB Ver.6.0+V

เปลี่ยนเป็นภาษาไทย

Change to English
 แสดงรายละเอียดบรรณานุกรม
  กลับหน้าหลัก

Brief Record : Get Marc (ISO 2709) : E-mail record : QR code < ปิดหน้าต่าง
LEADER : 00000nam 2200000uu 4500
001    13399115197
003     ULIB
008    120725s2552||||th 000 0 tha d
020    ^a9786115120239
050 04 ^aTX879^bส165ศ 2552
100 0  ^aสมบุญ ผิวละออ
245 10 ^aศิลปะการตัดกระดาษเป็นลวดลาย /^cสมบุญ ผิวละออ
250    ^aพิมพ์ครั้งที่ 1
260    ^aกรุงเทพฯ :^bวิจิตรศิลป์,^c2552
300    ^a64 หน้า :^bภาพประกอบ
650  7 ^aการตัดกระดาษ
945    ^p0^l0^i17743
995    ^aกัณชพร
999    ^aใช้งานได้ทุกระบบ
รายการนี้ยังไม่มีแท็ก
คุณยังไม่ได้ล็อกอิน คุณสามารถมีกิจกรรมร่วมกับเว็บไซต์ได้ แต่ต้องล็อกอินก่อน ::
  ล็อกอิน

รายการสื่อสารสนเทศ

ลำดับที่ ประเภท เลขเรียก/บาร์โค้ด สถานที่ สถานะ
- ไม่พบข้อมูล -

BibComment


ยังไม่เคยถูกคอมเมนท์

คอมเมนท์ทรัพยากรรายการนี้
  คอมเมนท์: ศิลปะการตัดกระดา..


 Copyright 2026. Bcnsprnw @Library